Acing online assessment: Your guide to success (Record no. 1224467)

MARC details
000 -LEADER
fixed length control field 00678nam a2200217Ia 4500
005 - DATE AND TIME OF LATEST TRANSACTION
control field 20241129104117.0
008 - FIXED-LENGTH DATA ELEMENTS--GENERAL INFORMATION
fixed length control field 241129s9999||||xx |||||||||||||| ||und||
020 ## - INTERNATIONAL STANDARD BOOK NUMBER
International Standard Book Number 9781529771893
037 ## - SOURCE OF ACQUISITION
Stock number Textual
040 ## - CATALOGING SOURCE
Original cataloging agency RTL
Language of cataloging eng
Transcribing agency RTL
041 ## - LANGUAGE CODE
Language code of text/sound track or separate title eng
Source of code eng
084 ## - COLON CLASSIFICATION NUMBER
Classification number D6,9(B),2771 R2
Assigning agency RTL
100 ## - MAIN ENTRY--PERSONAL NAME
Personal name Becker Lucinda; Becker Felicity; Becker Anastasia
9 (RLIN) 724812
245 #0 - TITLE STATEMENT
Title Acing online assessment: Your guide to success
Statement of responsibility, etc. Becker Lucinda; Becker Felicity; Becker Anastasia
260 ## - PUBLICATION, DISTRIBUTION, ETC.
Place of publication, distribution, etc. New Delhi
Name of publisher, distributor, etc. Sage
Date of publication, distribution, etc. 2022
300 ## - PHYSICAL DESCRIPTION
Extent viii,180p.
365 ## - TRADE PRICE
Price type code INR
Price amount 1534.83
650 ## - SUBJECT ADDED ENTRY--TOPICAL TERM
Topical term or geographic name entry element Commerce
942 ## - ADDED ENTRY ELEMENTS (KOHA)
Koha item type Textbook
Classification part D6,9(B),2771 R2
Holdings
Withdrawn status Lost status Damaged status Not for loan Home library Current library Date acquired Source of acquisition Cost, normal purchase price Inventory number Total Checkouts Full call number Barcode Date last seen Price effective from Koha item type
        Ratan Tata Library Ratan Tata Library 2024-11-29 Segment Book Distributor 1534.83 65418 & 31/01/2023   D6,9(B),2771 R2 RT1502403 2024-11-29 2024-11-29 Textbook
Copyright @ Delhi University Library System